[Event "AUTO-INT-42"]
[Site "http://www.queenalice.com/game.php?id=28703"]
[Date "2005.9.15"]
[Round "1"]
[White "chess_king"]
[Black "DSMarcal"]
[Result "1-0"]
[WhiteElo "1214"]
[BlackElo "1199"]

1. e4 Nc6 2. Nf3 Nf6 3. Nc3 e5 4. Bc4 Qe7 5. O-O h5 6. h3 a6 7. d3 b5 8. Bb3 Qd6
9. Ng5 Be7 10. Nxf7 Qd4 11. Nxh8 b4 12. Be3 Qd6 13. Na4 h4 14. Bc5 Qxc5 15. Nxc5
Bxc5 16. Ng6 Na5 17. Bd5 c6 18. Bc4 d5 19. exd5 cxd5 20. Bxd5 Nxd5 21. Qf3 Bb7
22. Qh5 Nf6 23. Qxe5+ Kf7 24. Qxc5 Nc6 25. Qb6 Rb8 26. Nxh4 g5 27. Qc7+ Ke6 28.
Rae1+ Ne4 29. Rxe4+ Kf6 30. Rfe1 b3 31. Re6# 1-0

[Event "AUTO-INT-42"]
[Site "http://www.queenalice.com/game.php?id=28704"]
[Date "2005.9.15"]
[Round "1"]
[White "DSMarcal"]
[Black "chess_king"]
[Result "0-1"]
[WhiteElo "1199"]
[BlackElo "1197"]

1. e4 e5 2. Nf3 Nc6 3. c3 h6 4. a4 b6 5. Bc4 Bc5 6. O-O Nf6 7. h3 Nxe4 8. d3 Nf6
9. Qb3 d5 10. Bb5 Bd7 11. Re1 a6 12. Nxe5 Nxe5 13. d4 axb5 14. dxe5 Qe7 15. Qd1
O-O 16. exf6 Qxf6 17. b4 Qxf2+ 18. Kh1 Bd6 19. Nd2 Bxh3 20. gxh3 Qh2# 0-1

[Event "AUTO-OPEN-144"]
[Site "http://www.queenalice.com/game.php?id=28882"]
[Date "2005.9.16"]
[Round "1"]
[White "salazar"]
[Black "chess_king"]
[Result "1-0"]
[WhiteElo "1878"]
[BlackElo "1231"]

1. e4 e5 2. Nf3 Nc6 3. Bc4 h6 4. d4 exd4 5. Nxd4 Qf6 6. Nb5 Bd6 7. N1c3 Nge7 8.
Nxd6+ cxd6 9. Nd5 Nxd5 10. Bxd5 O-O 11. c3 Ne5 12. Be3 Rb8 13. Bxa7 Ra8 14. Bd4
Re8 15. O-O Qd8 16. Qh5 Qe7 17. f4 Nc6 18. Be3 b6 19. b4 Ba6 20. Rf2 Rf8 21.
Bxb6 1-0

[Event "AUTO-OPEN-144"]
[Site "http://www.queenalice.com/game.php?id=28883"]
[Date "2005.9.16"]
[Round "1"]
[White "chess_king"]
[Black "salazar"]
[Result "0-1"]
[WhiteElo "1235"]
[BlackElo "1857"]

1. d4 f5 2. f4 e6 3. Nf3 Nf6 4. e3 b6 5. Nc3 Bb7 6. b3 Be7 7. Bd3 O-O 8. O-O Qe8
9. Nb5 Nd5 10. c4 a6 11. cxd5 axb5 12. dxe6 dxe6 13. a4 bxa4 14. bxa4 Bd5 15.
Bb2 Nd7 16. Qc1 c5 17. h3 cxd4 18. Nxd4 Nc5 19. Bb5 Qg6 20. Qd2 Bf6 0-1

[Event "AUTO-OPEN-144"]
[Site "http://www.queenalice.com/game.php?id=28930"]
[Date "2005.9.16"]
[Round "1"]
[White "chess_king"]
[Black "markus765432"]
[Result "0-1"]
[WhiteElo "1237"]
[BlackElo "1891"]

1. d4 Nf6 2. Bg5 e6 3. e3 Be7 4. Nf3 b6 5. Bc4 Bb7 6. O-O O-O 7. a3 d5 8. Bd3
Nbd7 9. Nc3 c5 10. dxc5 bxc5 11. Nb5 Qb6 12. c4 Rfd8 13. h3 dxc4 14. Bxc4 Ne5
15. Nxe5 Rxd1 16. Raxd1 Rd8 17. a4 h6 18. Rxd8+ Qxd8 19. Bh4 Qa5 20. b3 a6 21.
Na3 g5 22. Bg3 Ne4 23. Nf3 Nxg3 24. fxg3 Bd6 25. g4 Qc3 0-1

[Event "AUTO-OPEN-144"]
[Site "http://www.queenalice.com/game.php?id=28931"]
[Date "2005.9.16"]
[Round "1"]
[White "markus765432"]
[Black "chess_king"]
[Result "1-0"]
[WhiteElo "1889"]
[BlackElo "1239"]

1. e4 e5 2. Bc4 Nf6 3. Nc3 Bc5 4. Nf3 Nc6 5. a3 h6 6. b4 Bb6 7. d3 O-O 8. O-O d6
9. Be3 Bxe3 10. fxe3 a6 11. Qe1 b5 12. Bb3 Qe7 13. Nh4 g5 14. Ng6 Qe8 15. Nxf8
Qxf8 16. Rxf6 Nd8 17. Qf2 Be6 18. Bxe6 Nxe6 19. Rf1 Nd8 20. h4 c6 21. hxg5 hxg5
22. Qf5 Ra7 23. Qxg5+ Qg7 24. R1f5 Qxg5 25. Rxg5+ Kf8 26. Rxd6 Ne6 27. Rh5 1-0

[Event "AUTO-ADV-91"]
[Site "http://www.queenalice.com/game.php?id=32953"]
[Date "2005.10.13"]
[Round "1"]
[White "chess_king"]
[Black "Mayaune"]
[Result "0-1"]
[WhiteElo "1229"]
[BlackElo "1604"]

1. e4 e5 2. Nf3 d6 3. Bc4 h6 4. d3 Bg4 5. h3 Bh5 6. g4 Bg6 7. Nc3 Nc6 8. Nd5 Nf6
9. Nxf6+ Qxf6 10. Be3 Nd4 11. Nxd4 exd4 12. Bf4 Qxf4 13. b4 O-O-O 14. Bd5 c6 15.
Bb3 d5 16. exd5 Bxb4+ 17. Kf1 c5 18. a3 Bc3 19. Rb1 Rhe8 20. Kg2 Rd6 21. Qf3
Qxf3+ 22. Kxf3 b6 23. Ba4 Re7 24. Kg2 Rxd5 25. Bb3 Rde5 0-1

[Event "AUTO-ADV-91"]
[Site "http://www.queenalice.com/game.php?id=32954"]
[Date "2005.10.13"]
[Round "1"]
[White "Mayaune"]
[Black "chess_king"]
[Result "1-0"]
[WhiteElo "1613"]
[BlackElo "1227"]

1. e4 e5 2. Nf3 Nc6 3. b3 Bc5 4. Bb2 Nf6 5. Nc3 d6 6. Bb5 a6 7. Be2 Nd4 8. Nd5
Nxe2 9. Nxf6+ Qxf6 10. Qxe2 Bg4 11. O-O Bxf3 12. gxf3 O-O-O 13. Kh1 g5 14. d3 h5
15. a4 g4 16. fxg4 Rdg8 17. gxh5 Qg5 18. Rg1 Qh4 19. Rxg8+ Rxg8 20. d4 exd4 21.
Rg1 Rxg1+ 22. Kxg1 Qg5+ 23. Kf1 Qf4 24. f3 c6 25. Kg2 Qg5+ 26. Kh1 1-0

[Event "AUTO-ADV-91"]
[Site "http://www.queenalice.com/game.php?id=32955"]
[Date "2005.10.13"]
[Round "1"]
[White "chess_king"]
[Black "larxs05"]
[Result "0-1"]
[WhiteElo "1216"]
[BlackElo "1110"]

1. e4 c5 2. c4 d6 3. Nc3 Nf6 4. Be2 Nc6 5. Nf3 Bg4 6. h3 Bh5 7. g4 Bg6 8. d3 e5
9. O-O Be7 10. Be3 O-O 11. Qb3 Qd7 12. a4 a6 13. Nd5 Nxd5 14. cxd5 Nd4 15. Bxd4
cxd4 16. Rac1 Rfc8 17. Rxc8+ Rxc8 0-1

[Event "AUTO-ADV-91"]
[Site "http://www.queenalice.com/game.php?id=32956"]
[Date "2005.10.13"]
[Round "1"]
[White "larxs05"]
[Black "chess_king"]
[Result "1-0"]
[WhiteElo "1130"]
[BlackElo "1196"]

1. d4 d5 2. c4 b6 3. Nc3 dxc4 4. e4 Nf6 5. e5 Ng4 6. h3 Nh6 7. Bxh6 gxh6 8. Bxc4
e6 9. Nf3 Nc6 10. O-O Bg7 11. Bb5 Bd7 12. Rc1 a6 13. Bd3 f6 14. Qe2 f5 15. Bxa6
Nb4 16. Bc4 Bf8 17. a3 Nc6 18. b4 1-0

[Event "AUTO-ADV-91"]
[Site "http://www.queenalice.com/game.php?id=32957"]
[Date "2005.10.13"]
[Round "1"]
[White "chess_king"]
[Black "Homer"]
[Result "0-1"]
[WhiteElo "1241"]
[BlackElo "1724"]

1. e4 e5 2. Nf3 d6 3. Bc4 Bg4 4. h3 Bh5 5. g4 Bg6 6. Nc3 Nf6 7. d3 h6 8. Be3
Nbd7 9. d4 Nxe4 10. Nxe4 Bxe4 11. dxe5 Nxe5 12. Bd3 Bxf3 13. Qd2 Bxh1 14. O-O-O
Bc6 0-1

[Event "AUTO-ADV-91"]
[Site "http://www.queenalice.com/game.php?id=32958"]
[Date "2005.10.13"]
[Round "1"]
[White "Homer"]
[Black "chess_king"]
[Result "1-0"]
[WhiteElo "1746"]
[BlackElo "1233"]

1. e4 e5 2. Bc4 Nf6 3. d3 Bc5 4. Bg5 Nc6 5. Nc3 h6 6. Bh4 g5 7. Bg3 d6 8. Nd5
Nd4 9. h3 Nxd5 10. Bxd5 c6 11. Bc4 d5 12. Bxe5 f6 13. Qh5+ Kf8 14. Bxd4 dxc4 15.
Bxc5+ Kg7 16. dxc4 b6 17. Be3 Qe7 18. c3 Qxe4 19. Qf3 Qxf3 20. Nxf3 Re8 21. c5
f5 22. O-O-O Be6 23. Bd4+ Kg6 24. a3 Bd5 25. Ne5+ 1-0